Paroles Dingue dingue dingue Christophe maé - Statistiques

Statistiques générales
  • Ce quiz a été pris 86 fois
  • Le résultat moyen est 255 sur 340
Statistiques - réponses
Paroles % Correct
à
97%
a
97%
dingue
97%
je
95%
de
91%
me
91%
avec
86%
fou
86%
suis
84%
toi
84%
ca
83%
pas
83%
rend
83%
le
81%
la
78%
moi
78%
que
78%
en
76%
ne
76%
tu
76%
tout
74%
des
72%
ou
72%
plus
72%
m'rend
71%
si
71%
et
69%
non
69%
raide
69%
les
67%
sais
67%
comme
66%
d'avoir
66%
quand
66%
au
64%
car
64%
Car
64%
mais
64%
meme
64%
qu'on
64%
vais
64%
on
62%
arriere
60%
faire
60%
j'ai
60%
laisse
60%
oui
60%
te
60%
gache
59%
gaché
59%
mes
59%
alors
57%
d'avis
57%
efforts
57%
mer
57%
oh
57%
saurai
57%
vestimentaires
57%
dimanches
55%
jte
55%
jure
55%
l'heure
55%
reviendras
55%
debut
53%
dis
53%
faisait
53%
j'ferais
53%
prevue
53%
rentrerais
53%
c'est
52%
est
52%
jamais
52%
passerait
52%
sur
52%
trop
52%
vraiment
50%
revient
48%
chance
47%
decue
47%
il
47%
n'est
47%
ceux
45%
changes
45%
coeur
45%
j'dirai
45%
potes
45%
t'aimes
45%
aux
43%
cette
43%
corps
43%
encore
43%
foutu
43%
cours
41%
d'etre
41%
tard
41%
bandouliere
40%
changerai
40%
cru
40%
foutre
40%
l'air
40%
perdus
40%
revoir
40%
fois-ci
38%
m'as
38%
n'serais
38%
objets
38%
s'il
38%
verras
38%
j'prefere
36%
l'envie
36%
toits
34%
apres
29%
crie
29%
reverrai
5%
Aucun quiz correspondant
Distribution des résultats
% des personnes avec chaque résultat
Percentile par nombre de réponses
Votre historique - résultats
Vous n’avez pas pris ce quiz